European Football League Winners - Statistics

General Stats
  • This quiz has been taken 57 times
  • The average score is 24 of 55
Answer Stats
Country League Winner % Correct
Spain La Liga Barcelona
100%
Germany Bundesliga Bayern Munich
100%
England Premier League Liverpool
100%
Italy Serie A Napoli
100%
France Ligue 1 Paris Saint-Germain
100%
Portugal Primeira Liga Sporting CP
98%
Netherlands Eredivisie PSV Eindhoven
93%
Turkey Super Lig Galatasaray
91%
Scotland Premiership Celtic
87%
Switzerland Super League Basel
80%
Greece Super League Olympiacos
76%
Denmark Superliga Copenhagen
74%
Ukraine Premier League Dynamo Kyiv
65%
Austria Bundesliga Sturm Graz
65%
Norway Eliteserien Bodø/Glimt
61%
Sweden Allsvenskan Malmö FF
61%
Czechia First League Slavia Prague
61%
Israel Premier League Maccabi Tel Aviv
59%
Serbia SuperLiga Red Star Belgrade
59%
Belgium Pro League Union Saint-Gilloise
57%
Hungary National Championship Ferencváros
54%
Azerbaijan Premier League Qarabağ
54%
Romania Liga I FCSB
52%
Bulgaria First Professional Football League Ludogorets
52%
Poland Ekstraklasa Lech Poznań
48%
Croatia Football League Rijeka
48%
Slovakia Super Liga Slovan Bratislava
48%
Cyprus First Division Pafos
37%
Russia Premier League Krasnodar
33%
Kazakhstan Premier League Kairat
30%
Lietchenstein Football Cup FC Vaduz
28%
Armenia Premier League Noah
26%
Latvia Higher League RFS
26%
Gibraltar Premier Division Lincoln Red Imps
24%
Belarus Premier League Dinamo Minsk
22%
Wales Cymru Premier The New Saints
22%
Kosovo Superleague Drita
20%
Ireland Premier Division Shelbourne
20%
Lithuania A League Žalgiris
20%
Iceland Best Division Breiðablik
17%
Finland Premier League KuPS
17%
North Macedonia First Football League Shkëndija
17%
Northern Ireland NIFL Premiership Linfield
15%
Bosnia and Herzegovina Premier League Zrinjski Mostar
15%
Faroe Islands Premier League Vìkingur Gøta
13%
Malta Premier League Hamrun Spartans
11%
Estonia Premium Liiga Levadia Tallinn
11%
Moldova SuperLiga Milsami Orhei
11%
San Marino Football Championship Virtus
11%
Montenegro First League Budućnost Podgorica
9%
Albania Kategoria Superiore Egnatia
9%
Luxembourg National Division Differdange 03
7%
Georgia Premier League Iberia 1999
4%
Andorra First Division Inter Club d’Escaldes
4%
Slovenia PrvaLiga Olympija Ljubljana
2%
No matching quizzes found
Score Distribution
Percent of People with Each Score
Percentile by Number Answered
Your Score History
You have not taken this quiz